|
|
|
|
| LEADER |
00000nab a2200000 a 4500 |
| 001 |
vtls011099927 |
| 003 |
SK-MaSNL |
| 005 |
20260303150757.0 |
| 008 |
230222|2007 xo |||||||||||||||||slo| |
| 015 |
|
|
|a SNBRB
|
| 035 |
|
|
|a (uuid)36736dd1-0f54-482a-9363-088c8a086367
|
| 035 |
|
|
|a (urnnbn)urn:nbn:sk:snk:ar-006mz3
|
| 035 |
|
|
|a urn:nbn:sk:snk-ab94uq
|
| 040 |
|
|
|a SNKBUCL
|b slo
|c SNKBUCL
|e AACR2
|
| 041 |
0 |
|
|a slo
|
| 044 |
|
|
|a xo
|c SK
|
| 100 |
1 |
|
|a Zelenay, Peter
|4 aut
|9 541013
|
| 245 |
1 |
0 |
|a Oceľ alebo liatina ? :
|b Výmena starých liatinových radiátorov
|c Peter Zelenay
|
| 773 |
0 |
|
|t TechCON magazín : odborný časopis pre projektantov TZB a užívateľov programu TechCON
|g Roč. 2, č. 4 (2007), s. 16-17
|
| 954 |
|
|
|a odborná, vedecká literatúra pôvodná (slovenská)
|2 lita
|
| 958 |
|
|
|a OND
|
| 958 |
|
|
|a EUIPO
|
| 958 |
|
|
|a article13
|
| 999 |
|
|
|c 2013339
|d 2015269
|